Land Registry annual report and accounts 2010/11 (Record no. 112467)
[ view plain ]
| 000 -LEADER | |
|---|---|
| fixed length control field | 01201cad a22001935a 4500 |
| 001 - CONTROL NUMBER | |
| control field | L153314 |
| 008 - FIXED-LENGTH DATA ELEMENTS--GENERAL INFORMATION | |
| fixed length control field | 110708s2011 xxk f 000 0 eng d |
| 035 ## - SYSTEM CONTROL NUMBER | |
| System control number | (Sirsi) u153314 |
| 041 0# - LANGUAGE CODE | |
| Language code of text/sound track or separate title | eng |
| 110 2# - MAIN ENTRY--CORPORATE NAME | |
| Corporate name or jurisdiction name as entry element | HM Land Registry |
| 9 (RLIN) | 1247 |
| 245 00 - TITLE STATEMENT | |
| Title | Land Registry annual report and accounts 2010/11 |
| Remainder of title | innovation |
| Medium | [electronic resource] |
| 260 ## - PUBLICATION, DISTRIBUTION, ETC. | |
| Place of publication, distribution, etc. | [S.l.] |
| Name of publisher, distributor, etc. | Land Registry |
| Date of publication, distribution, etc. | 2011 |
| 520 ## - SUMMARY, ETC. | |
| Summary, etc. | Land Registry Annual Report describes how difficult market conditions mean workloads have decreased by 13% but a number of challenging targets have been met including those on speed and accuracy and financial key performance indicators. Notes how the average number of staff has been reduced by 18.7% but this is due to deliver net savings of over £500m. The percentage of transactions delivered through electronic channels has increased to 70% of lenders using electronic discharges service and over 85% of preliminary services being delivered through the Land Registry Portal. |
| 590 ## - LOCAL NOTE (RLIN) | |
| Local note | KA |
| 651 #4 - SUBJECT ADDED ENTRY--GEOGRAPHIC NAME | |
| Geographic name | England and Wales |
| Chronological subdivision | 1543- |
| 690 ## - LOCAL SUBJECT ADDED ENTRY--TOPICAL TERM (OCLC, RLIN) | |
| Topical term or geographic name as entry element | PROPERTY |
| 856 40 - ELECTRONIC LOCATION AND ACCESS | |
| Uniform Resource Identifier | <a href="https://www.landreg.gov.uk/upload/documents/Annual_Report_1011.pdf">https://www.landreg.gov.uk/upload/documents/Annual_Report_1011.pdf</a> |
| Public note | View the report free of charge at www.landreg.gov.uk |
| 942 ## - ADDED ENTRY ELEMENTS (KOHA) | |
| Suppress in OPAC | 0 |
| Withdrawn status | Lost status | Source of classification or shelving scheme | Damaged status | Not for loan | Home library | Current library | Shelving location | Date acquired | Total Checkouts | Full call number | Barcode | Date last seen | Copy number | Price effective from | Koha item type |
|---|---|---|---|---|---|---|---|---|---|---|---|---|---|---|---|
| Dewey Decimal Classification | Virtual | Virtual | Online | 08/07/2011 | ONLINE PUBLICATION | 153314-2001 | 06/08/2019 | 1 | 06/08/2019 | Book |